000 00262nam a2200109Ia 4500
008 190216s9999||||xx |||||||||||||| ||und||
100 _aVijayalakshmi Pandit
245 4 _aThe Scoppe Of Happiness
260 _bOrient Paper Back
650 _aEnglish
942 _cBK
999 _c13303
_d13303